[Event "EGY-chT"]
[Site "Egypt"]
[Date "2016.05.10"]
[Round "6.4"]
[White "Mohamed Ahmed, Esam"]
[Black "Ibrahim, Mohamed"]
[Result "0-1"]
[WhiteElo "2118"]
[BlackElo "2119"]
[PlyCount "62"]
[EventDate "2016.05.05"]
[EventType "team-tourn"]
[EventRounds "9"]
[EventCountry "EGY"]
[SourceTitle "CBM 172 Extra"]
[Source "ChessBase"]
[SourceDate "2016.06.21"]
[SourceVersion "1"]
[SourceVersionDate "2016.06.21"]
[SourceQuality "1"]
[WhiteTeam "Imbaba"]
[BlackTeam "Kanal Suez"]
[WhiteTeamCountry "EGY"]
[BlackTeamCountry "EGY"]

1. e4 c6 2. d4 d5 3. e5 c5 4. dxc5 Nc6 5. Bb5 e6 6. b4 a5 7. c3 Bd7 8. Bxc6 Bxc6 9. Nf3 axb4 10. cxb4 b6 11. Be3 bxc5 12. bxc5 Bxc5 13. Bxc5 Qa5+ 14. Nbd2 Qxc5 15. 0-0 Ne7 16. Nb3 Qa7 17. Nbd4 0-0 18. Qd2 Ba4 19. Rfc1 Rfc8 20. h4 Rc4 21. h5 h6 22. g4 Rac8 23. g5 hxg5 24. Qxg5 Kh7 25. Rxc4 Rxc4 26. Qe3 Nc6 27. Qd3+ Kg8 28. Nxc6 Rxc6 29. Qa3 Rc4 30. Kg2 Qc7 31. Rb1 Bc6 0-1